Bayesian models in economic theory / (Record no. 42425)
[ view plain ]
| 000 -LEADER | |
|---|---|
| fixed length control field | 01078nam a2200313 4500 |
| 001 - CONTROL NUMBER | |
| control field | 42425 |
| 003 - CONTROL NUMBER IDENTIFIER | |
| rucl marc code | (BD-RJUL) |
| 005 - DATE AND TIME OF LATEST TRANSACTION | |
| control field | 20211209053535.0 |
| 008 - FIXED-LENGTH DATA ELEMENTS--GENERAL INFORMATION | |
| fixed length control field | 160612s1984 ne a b 001 0 eng d |
| 020 ## - INTERNATIONAL STANDARD BOOK NUMBER | |
| International Standard Book Number | 0444865020 |
| 035 ## - SYSTEM CONTROL NUMBER | |
| System control number | CURL 05LC83011416(Lon) from jrlcr007 |
| -- | BD-RjUL42543 |
| 040 ## - CATALOGING SOURCE | |
| Original cataloging agency | BD-RjUL |
| Language of cataloging | eng |
| Transcribing agency | BD-RjUL |
| 041 ## - LANGUAGE CODE | |
| Language code of text/sound track or separate title | eng |
| 082 ## - DEWEY DECIMAL CLASSIFICATION NUMBER | |
| Classification number | 330.0724 |
| Edition number | 19 |
| Author mark and year | BAY 1984 |
| 245 00 - TITLE STATEMENT | |
| Title | Bayesian models in economic theory / |
| Statement of responsibility, etc. | edited by Marcel Boyer, Richard E. Kihlstrom |
| 260 ## - PUBLICATION, DISTRIBUTION, ETC. (IMPRINT) | |
| Place of publication, distribution, etc. | Amsterdam : |
| -- | Oxford : |
| Name of publisher, distributor, etc. | North-Holland, |
| Date of publication, distribution, etc. | 1984 |
| 300 ## - PHYSICAL DESCRIPTION | |
| Pagination | V. : |
| Illustrations | ill. ; |
| Size | 25 cm. |
| 504 ## - BIBLIOGRAPHY, ETC. NOTE | |
| Bibliography, etc | Includes bibliographies and indexes |
| 505 0# - FORMATTED CONTENTS NOTE | |
| Formatted contents note | Vol 5 -- |
| 650 #0 - SUBJECT ADDED ENTRY--TOPICAL TERM | |
| Topical term or geographic name as entry element | Bayesian statistical decision theory |
| 9 (RLIN) | 130490 |
| Topical term or geographic name as entry element | Economics |
| General subdivision | Mathematical models |
| 9 (RLIN) | 130491 |
| Topical term or geographic name as entry element | Information theory in economics. |
| 9 (RLIN) | 130492 |
| Topical term or geographic name as entry element | Uncertainty |
| General subdivision | Mathematical models |
| 9 (RLIN) | 130493 |
| 700 1# - ADDED ENTRY--PERSONAL NAME | |
| Personal name | Boyer, Marcel. |
| Personal name | Kihlstrom, Richard |
| 830 #0 - SERIES ADDED ENTRY--UNIFORM TITLE | |
| Uniform title | Studies in Bayesian econometrics ; |
| Volume number/sequential designation | 5 |
| 942 ## - ADDED ENTRY ELEMENTS (KOHA) | |
| Source of classification or shelving scheme | Dewey Decimal Classification |
| Koha item type | Books |
| Lost status | Source of classification or shelving scheme | Damaged status | Not for loan | Collection code | Permanent Location | Current Location | Shelving location | Date acquired | Source of acquisition | Cost, normal purchase price | Total Checkouts | Full call number | Date last seen | Copy number | Koha item type |
|---|---|---|---|---|---|---|---|---|---|---|---|---|---|---|---|
| Dewey Decimal Classification | Non-fiction | Central Library, University of Rajshahi | Central Library, University of Rajshahi | 15/01/1990 | Aligorh Library, Rajshahi | 48.54 | 330.0724 BAY V-5 1984 | 12/06/2016 | C-2 | Books |